| 000 | 00787nam a22002297a 4500 | ||
|---|---|---|---|
| 999 |
_c7399 _d7399 |
||
| 003 | AR-CdUCM | ||
| 008 | 190320b ||||| |||| 00| 0 spa d | ||
| 040 |
_aMUNICIPALIDAD PROVINCIAL DEL CUSCO _cBIBLIOTECA MUNICIPAL DEL CUSCO |
||
| 082 |
_a912.78 / _bA16 |
||
| 110 |
_aAcademia de Ciencias de Cuba _920860 |
||
| 245 |
_aAtlas nacional de Cuba : _ben el décimo aniversario de la revolución / |
||
| 260 |
_aLa Habana : _bEditora N2 de la URSS, _c1970. |
||
| 300 |
_a132 páginas ; _bdiagrs., mapas , _c50 cm. |
||
| 505 | _aContenido : Mapas de Cuba, geografía y clima. | ||
| 650 |
_aCuba _91821 |
||
| 650 |
_aAtlas _93723 |
||
| 650 |
_aClima _920861 |
||
| 650 |
_aMapas de Cuba _920862 |
||
| 710 |
_aAcademia de Ciencias de la URSS _920863 |
||
| 942 |
_2ddc _cLIBROS |
||
| 945 | _admma | ||